Central Library OPAC University of Rajshahi

Law and practice of basic democracies & local government in Pakistan; (Record no. 49426)

MARC details
000 -LEADER
fixed length control field 00973nam a2200253 a 4500
001 - CONTROL NUMBER
control field 49426
003 - CONTROL NUMBER IDENTIFIER
rucl marc code BD-RjUL
005 - DATE AND TIME OF LATEST TRANSACTION
control field 20211209054658.0
008 - FIXED-LENGTH DATA ELEMENTS--GENERAL INFORMATION
fixed length control field 700217s1969 pk k 001 0 eng
020 ## - INTERNATIONAL STANDARD BOOK NUMBER
Terms of availability :Rs.30.00
035 ## - SYSTEM CONTROL NUMBER
System control number (BD-RjUL)49545
040 ## - CATALOGING SOURCE
Original cataloging agency DLC
Transcribing agency DLC
Modifying agency BD-RjUL
Language of cataloging eng
041 ## - LANGUAGE CODE
Language code of text/sound track or separate title eng
082 00 - DEWEY DECIMAL CLASSIFICATION NUMBER
Classification number 340
Edition number 23
Author mark and year HAL 1969
100 1# - MAIN ENTRY--PERSONAL NAME
Personal name Hasan, Masudul.
9 (RLIN) 148366
245 10 - TITLE STATEMENT
Title Law and practice of basic democracies & local government in Pakistan;
Remainder of title being an exhaustive and critical commentary on the Basic democracies order, 1959 with up-to-date caselaw, rules, notifications, and government circulars. /
260 ## - PUBLICATION, DISTRIBUTION, ETC. (IMPRINT)
Place of publication, distribution, etc. Lahore :
Name of publisher, distributor, etc. All Pakistan Legal Decisions,
Date of publication, distribution, etc. [1969]
300 ## - PHYSICAL DESCRIPTION
Pagination viii, 531, 266, xx p. :
Illustrations forms.;
Size 25 cm.
350 ## - PRICE (NR) (BK AM CF MU VM SE) [OBSOLETE]
Price 30.00
500 ## - GENERAL NOTE
General note Includes Index
650 #0 - SUBJECT ADDED ENTRY--TOPICAL TERM
Topical term or geographic name as entry element Local government
General subdivision Law and legislation
Geographic subdivision Pakistan.
9 (RLIN) 148344
710 12 - ADDED ENTRY--CORPORATE NAME
Corporate name or jurisdiction name as entry element Pakistan.
Form subheading Laws, statutes, etc.
Title of a work Basic democracies order, 1959. 1969.
9 (RLIN) 148367
942 ## - ADDED ENTRY ELEMENTS (KOHA)
Source of classification or shelving scheme Dewey Decimal Classification
Koha item type Books
Holdings
Lost status Source of classification or shelving scheme Damaged status Not for loan Collection code Permanent Location Current Location Shelving location Date acquired Source of acquisition Cost, normal purchase price Total Checkouts Full call number Date last seen Copy number Koha item type
  Dewey Decimal Classification     Non-fiction Central Library, University of Rajshahi Central Library, University of Rajshahi   25/08/1972 Paramount Book co. 30.00   340 HAL 1969 20/08/2016 C-2 Books
  Dewey Decimal Classification     Non-fiction Central Library, University of Rajshahi Central Library, University of Rajshahi   25/08/1972 Paramount Book co. 30.00   340 HAL 1969 20/08/2016 C-3 Books